LIBRARY & INFORMATION CENTRE, KCAET, TAVANUR

ONLINE PUBLIC ACCESS CATALOGUE (OPAC)

General mathematics, Vol 3 / (Record no. 245)

MARC details
000 -LEADER
fixed length control field 00505cam a2200205ua 4500
041 ## - LANGUAGE CODE
Language code of text/sound track or separate title eng
082 ## - DEWEY DECIMAL CLASSIFICATION NUMBER
Classification number 510.1
Item number DUR/GE
100 ## - MAIN ENTRY--AUTHOR NAME
Personal name Durell, Clement V.
245 ## - TITLE STATEMENT
Title General mathematics, Vol 3 /
250 ## - EDITION STATEMENT
Edition statement 1 /
260 ## - PUBLICATION, DISTRIBUTION, ETC. (IMPRINT)
Place of publication London :
Name of publisher Orient-Longman Ltd ,
Year of publication 1964.
300 ## - PHYSICAL DESCRIPTION
Number of Pages 332 ; .
650 ## - SUBJECT ADDED ENTRY--TOPICAL TERM
Topical Term General Mathematics
942 ## - ADDED ENTRY ELEMENTS (KOHA)
Koha item type Books
Holdings
Withdrawn status Lost status Damaged status Home library Current library Date acquired Full call number Accession Number Koha item type
      KAUAET KAUAET 07/04/2012 510.1 12368 Books
free website counter